[Event "RUS-Cup9"]
[Site "Novgorod"]
[Date "1997.??.??"]
[Round "2"]
[White "Dvoirys, Semen I"]
[Black "Zakharevich, Igor"]
[Result "1-0"]
[WhiteElo "2590"]
[BlackElo "2505"]
[Annotator "Finkel,A"]
[PlyCount "85"]
[EventDate "1997.06.11"]
[EventType "swiss"]
[EventRounds "9"]
[EventCountry "RUS"]
[SourceTitle "CBM 060"]
[Source "ChessBase"]
[SourceDate "1997.09.29"]
[SourceVersion "1"]
[SourceVersionDate "1997.09.29"]
[SourceQuality "1"]

1. e4 {Baburin,A Kortschnoj} e6 2. d4 d5 3. Nd2 dxe4 4. Nxe4 Nd7 5. Nf3 Ngf6 6.
Nxf6+ Nxf6 7. c3 {Quiet rare continuation,nevertheless not without poison.More
popular moves in this position are 7.Bd3 and 7.Bg5. 7.Ld3} c5 8. Be3 $5 {
Very logical move.White has tried 8.Bg5 and 8.Bb5,but did'nt reach any opening
advantage:} (8. Bg5 Be7 9. Bxf6 $6 (9. Bb5+ Bd7 10. Qa4 Bxb5 11. Qxb5+ Qd7 12.
Qxd7+ Nxd7 13. Bxe7 Kxe7 $11) 9... gxf6 $6 (9... Bxf6 $1 10. Bb5+ Bd7 11. Qa4
cxd4 12. Rd1 Bxb5 13. Qxb5+ Qd7 14. Qxd7+ Kxd7 15. Nxd4 Ke7 $15) 10. Qa4+ (10.
Qb3 $5 Qc7 11. d5 Bd7 12. Bc4 Qf4 $5 13. O-O Rg8 $132) 10... Bd7 11. Bb5 a6 12.
Bxd7+ Qxd7 13. Qxd7+ Kxd7 14. O-O-O cxd4 15. Nxd4 Kc7 $11 {Van den Berg,A-Bohm,
H/NLD-chT 1995 (28)}) (8. Bb5+ Bd7 9. Bxd7+ Qxd7 10. Be3 cxd4 11. Bxd4 Be7 12.
O-O O-O 13. Qe2 Qc7 14. Rad1 Rfd8 $11 {Dvoirys,S-Zakharevich,I/1/2 final
Russia Cup, Perm RUS 1997 (21)}) 8... Qc7 (8... cxd4 9. Bxd4 (9. Qxd4 $14 {
Kortschnoj}) 9... Be7 10. Ne5 O-O 11. Bd3 Qc7 12. O-O Rd8 13. Qf3 $14) 9. Ne5
a6 (9... Bd6 $6 10. Bb5+ Ke7 11. Nc4 $1 Bd7 12. Bxd7 Nxd7 13. Nxd6 Qxd6 14.
dxc5 Qxd1+ 15. Rxd1 $14 {Zakharov,A-Dokuchaev,A/RUS-Cup9 Novgorod (6) 1997 (37)
}) 10. Qa4+ Nd7 (10... Bd7 $5 11. Nxd7 Nxd7 (11... Qxd7 {Kortschnoj} 12. Qxd7+
Nxd7 13. O-O-O $14 {^^}) 12. O-O-O O-O-O 13. Be2 $14) 11. O-O-O $36 Bd6 (11...
Rb8 $2 12. dxc5 $1 $16) (11... cxd4 12. Bxd4 Bd6 13. Nxd7 Bxd7 14. Qc4 $1 $14)
12. Nc4 Bf4 13. g3 Bxe3+ 14. Nxe3 O-O (14... cxd4 $14 {Kortschnoj}) 15. d5 b5
$6 {Missing the chance to equalize the position} (15... Nb6 $1 16. d6 $1 {
Kortschnoj} (16. Qe4 exd5 17. Nxd5 Nxd5 18. Rxd5 Be6 19. Bd3 g6 20. Re5 $11) (
16. Qh4 exd5 17. Nxd5 Nxd5 18. Rxd5 Be6 19. Rh5 h6 20. Bc4 Rfe8 $11) 16... Nxa4
(16... Qxd6 $2 17. Rxd6 Nxa4 18. Kc2 c4 19. Nxc4 $16) 17. dxc7 b5 $13) 16. d6
$1 $14 {Strong intermediate move keeping the initiative in white's hands.} Qb6
(16... bxa4 17. dxc7 Ra7 18. Rd6 Rxc7 (18... Nf6 19. Rc6 $1 Ne8 20. Rxc5 Rxc7
21. Rxc7 Nxc7 22. Bg2 $16) 19. Bxa6 Nf6 20. f3 Bd7 21. Rhd1 $14) (16... Qc6 17.
Qh4 Qxh1 18. Bg2 Qxd1+ 19. Kxd1 Rb8 20. Qe7 $1 $16) (16... Qxd6 {Kortschnoj}
17. Rxd6 bxa4 18. Bg2 Rb8 19. Nc4 $13) 17. Qh4 Bb7 18. Bd3 g6 (18... h6 $5 {
Kortschnoj} 19. Rhe1 Ne5) 19. Rhe1 Qd8 $1 (19... Rad8 20. Be2 Qa5 (20... Ne5
21. Qf6 $1 Nd7 22. Qe7 Rfe8 23. Qh4 Ne5 24. Qf4 $1 Nd7 25. Ng4 $16) 21. Kb1 f5
22. f4 e5 23. Nd5 $36) 20. Qh6 {Baburin: By occupying the vulnerable h6-square
White prepares a further h2-h4-h5, which would seriously weaken Black's
kingside. Trying to stop that scenario, Black has to seek an exchange of
queens.} Qf6 21. Ng4 Qg7 22. Qf4 h5 23. Ne5 Rfd8 $4 {Painful blunder after
which it's very difficult to save the game,while after correct Baburin:
Careless! It would have been better to put the other rook on that square.} (
23... Rad8 $1 $132 {the position would remain unclear.}) 24. Nxg6 $1 $16 {
[%csl Re6]} Qf6 (24... fxg6 25. Rxe6 {[%csl Rg6]} g5 (25... Rf8 {Kortschnoj}
26. Qg5 Rf6 (26... Nf6 {Baburin,A} 27. Bxg6) 27. Re7 Rf7 28. Bxg6 $18) 26. Qe3
$18) 25. Be4 $1 Qxf4+ (25... Bxe4 26. Ne7+ Kh8 (26... Kg7 {Kortschnoj} 27. Qxe4
$18) 27. Qxe4 $18) 26. Nxf4 Bxe4 27. Rxe4 {Baburin: The rest is a routine task
of capitalising on the extra pawn.} h4 28. Nh5 $1 $18 hxg3 29. hxg3 Rac8 30. g4
Rc6 31. g5 Nf8 32. Nf6+ Kg7 33. Rh4 Nd7 (33... Kg6 34. Rh8 $1 Kxg5 35. Rxf8 $1
$18) 34. Ne4 $1 Rh8 35. Rxh8 Kxh8 36. Kd2 Kg7 37. Ke3 Rc8 38. f4 Rh8 39. Kf3
Kg6 40. b4 cxb4 41. cxb4 Rh3+ 42. Kg4 Ra3 43. Nf6 1-0

[Event "EU-chT (Men) 15th"]
[Site "Gothenburg"]
[Date "2005.08.04"]
[Round "6.1"]
[White "Kulaots, Kaido"]
[Black "Neubauer, Martin"]
[Result "1/2-1/2"]
[WhiteElo "2570"]
[BlackElo "2468"]
[Annotator "Finkel,A"]
[PlyCount "70"]
[EventDate "2005.07.30"]
[EventType "team-swiss"]
[EventRounds "9"]
[EventCountry "SWE"]
[SourceTitle "CBM 109"]
[Source "ChessBase"]
[SourceDate "2005.11.14"]
[SourceVersion "1"]
[SourceVersionDate "2005.11.14"]
[SourceQuality "1"]
[WhiteTeam "Estonia"]
[BlackTeam "Austria"]
[WhiteTeamCountry "EST"]
[BlackTeamCountry "AUT"]

1. e4 e6 2. d4 d5 3. Nc3 Nf6 4. Bg5 dxe4 5. Nxe4 Nbd7 6. Nf3 h6 7. Nxf6+ Nxf6
8. Be3 Nd5 9. Qd2 Bd6 10. Bd3 $6 {This move is insufficient to fight for
advantage. Black's task is more difficult in case of} (10. O-O-O) 10... Bd7 11.
O-O-O (11. O-O Qe7 12. c4 Nxe3 13. fxe3 c5 14. Rad1 Bc6 15. Qc2 Bxf3 16. Rxf3
O-O 17. Bf1 {1/2-1/2 Almasi,Z-Savchenko,S/Germany 2004 (17)}) (11. c3 Qe7 12.
O-O O-O 13. Rfe1 Rfd8 14. a3 c5 15. dxc5 Bxc5 16. Bxc5 Qxc5 $11 {Kanovsky,
D-Jasim,A/Olomouc 2005}) 11... Qe7 $11 {Black is ready to take on e3 followed
by c5 to solve his opening problems.} 12. Kb1 O-O-O 13. c4 (13. Ne5 Bxe5 14.
dxe5 Bc6 15. f3 Nxe3 16. Qxe3 Kb8 $11) 13... Nxe3 14. Qxe3 (14. fxe3 c5 15. Qa5
Kb8 16. dxc5 Bxc5 17. Ne5 Be8 $13) 14... c5 15. Be4 Kb8 $6 {Inaccuracy after
which white could've seized an initiative.} (15... f5 $142 $1 16. Bc2 cxd4 17.
Nxd4 g6 18. Rhe1 e5 $11) 16. Qb3 $6 {White doesn't take a chance.} (16. dxc5 $1
Bxc5 17. Qf4+ Kc8 (17... Ka8 $2 {[%csl Ra8]} 18. Ne5 Ba4 19. b3 Rxd1+ 20. Rxd1
Be8 21. Qg3 g5 22. Ng6 $1 fxg6 23. Qe5 Rh7 24. Qxc5 $16) 18. Ne5 Ba4 19. b3
Rxd1+ 20. Rxd1 Be8 21. Nd3 Bd6 22. Qe3 $14 {[%cal Gc4c5,Gf2f4]}) 16... Bc8 17.
dxc5 Bxc5 18. Ne5 Ka8 19. f4 Rd4 $5 (19... Rxd1+ 20. Rxd1 Rd8 21. Rxd8 Qxd8 $11
22. Nxf7 $140 $6 Qd2 $1 $36) 20. Rxd4 Bxd4 21. Rd1 Rd8 22. Rd3 f6 23. Nf3 (23.
Ng6 Qc7 $15 {[%csl Rg6]}) 23... Bb6 24. Qc3 Rxd3 25. Bxd3 g5 (25... Qc5 $1 $15)
26. fxg5 hxg5 27. h3 Qd6 $6 (27... Bc5 $5) 28. c5 $1 $11 Qxc5 (28... Bxc5 $4
29. b4 $18 {[%csl Rc8]}) 29. Qxf6 Qe3 30. Qc3 Kb8 31. Qe5+ Qxe5 32. Nxe5 Bd4
33. Nf3 Bf6 34. Kc2 Kc7 35. Kd2 b6 1/2-1/2

[Event "Redbus KO"]
[Site "Southend"]
[Date "1999.04.02"]
[Round "1.2"]
[White "Emms, John M"]
[Black "Ledger, Andrew"]
[Result "1-0"]
[WhiteElo "2573"]
[BlackElo "2459"]
[Annotator "Finkel,A"]
[PlyCount "55"]
[EventDate "1999.04.??"]
[EventType "k.o."]
[EventRounds "4"]
[EventCountry "ENG"]
[SourceTitle "CBM 071"]
[Source "ChessBase"]
[SourceDate "1999.08.01"]
[SourceVersion "1"]
[SourceVersionDate "1999.08.01"]
[SourceQuality "1"]

1. e4 e6 2. d4 d5 3. Nd2 dxe4 4. Nxe4 Nd7 5. Nf3 Ngf6 6. Nxf6+ Nxf6 7. Bd3 c5
8. dxc5 Bxc5 9. O-O (9. Qe2 O-O 10. Bg5 (10. Bd2 b6 11. O-O-O Bb7 12. Kb1 Qc7
13. Ne5 b5 14. Rhe1 b4 15. f4 a5 $132 {Zarnicki,P-Hoffman,A/ARG-ch 1995 (37)})
10... h6 (10... Qa5+ 11. c3 Be7 (11... Qc7 $5 12. Bxf6 gxf6 13. O-O-O b6 14.
Qe4 f5 15. Qh4 Be7 16. Qh6 Kh8 $132 {Fedorov,A-Doroshkievich,V/St.Petersburg
op 1994 (34)}) 12. Ne5 Qc7 13. O-O Rd8 14. Rad1 h6 15. Bf4 Bd6 16. Bg3 Bd7 $11
{Rublevsky,S-Anastasian,A/EUCup Gr5 1993 (34)}) 11. Bd2 b6 12. O-O-O Bb7 13.
Kb1 Qd5 $5 14. Rde1 Qh5 15. Rhg1 Ng4 $5 $13 16. Ref1 Bd6 17. Bc3 Rac8 18. h3
Nh2 19. Nxh2 {1/2-1/2 Milu,R-Negulescu,A/ROM-ch 1992}) 9... O-O 10. Qe2 b6 (
10... h6 11. Bf4 (11. Ne5 Qc7 12. Re1 Bd6 13. Bf4 b6 14. Rad1 Bb7 15. Bg3 Rfd8
$132 {Himmel,H-Luecke,N/BL9495 1995 (44)}) 11... Bd7 12. Ne5 Bc6 13. Nxc6 bxc6
14. Rad1 Qb6 15. Be5 Be7 16. c4 $14 {Kaiumov,D-Sobhani,F/Asian Teams, Genting
Highlands MAS 1998 (34)}) 11. Bg5 (11. Bf4 Bb7 12. Rad1 Qe7 13. Ne5 Rfd8 14. c3
h6 15. Rd2 Nd5 16. Bg3 Qg5 $13 {Korneev,O-Hoffman,A/Elgoibar 1996 (36)}) 11...
Bb7 12. Rad1 Qc7 13. Bxf6 {Qiuet logical,but absolutely harmless continuation;
more ambitious is} (13. Ne5 Rfd8 (13... Be7 14. Nd7 Nxd7 15. Bxe7 Rfe8 16. Bg5
Nc5 17. Bb5 Bc6 18. Bxc6 $14) (13... Nd5 $6 14. c4 Ne3 15. Bxh7+ Kxh7 16. Qh5+
Kg8 17. Bxe3 Bxe3 18. fxe3 $16 {Slobodjan,R-Teske,H/GER-ch 1995 (29)}) 14. Kh1
h6 15. Bh4 Bd4 16. f4 Bxb2 17. Bxf6 gxf6 18. Nc4 $44 {Ginzburg,M-Hoffman,A/
ch-ARG, Buenos Aires ARG 1998}) (13. c4 h6 14. Bxf6 gxf6 15. Be4 Rad8 16. b3
Bc8 17. Rxd8 Rxd8 18. Rd1 f5 19. Bc2 Bb7 $15 {Borocz,I-Shaked,T/Budapest FS06
GM 1997}) 13... gxf6 14. Be4 Rfd8 (14... Rad8 15. Bxb7 Qxb7 16. Nd2 f5 (16...
Be7 17. Ne4 Rxd1 18. Rxd1 Rd8 19. Rxd8+ Bxd8 20. Qd3 Be7 $11 {Reshevsky,
S-Woliston,P/USA-ch 1940}) 17. Qh5 Bd4 18. Nf3 Bg7 19. c3 Qe7 $132 {Ferguson,
M-Kacheishvili,G/WchJM-U18 1995}) (14... Bxe4 15. Qxe4 Rfd8 (15... Rad8 $5 16.
g3 Rxd1 17. Rxd1 Rd8 18. Rd3 Kg7 19. Kf1 Rxd3 20. Qxd3 Qd6 $11 {Gross,
S-Jirovsky,M/CZE-chT 9697}) 16. c3 $13 {Bauer,C-Speelman,J/Escaldes zt 1998})
15. c3 Kh8 (15... Bxe4 16. Qxe4 Rxd1 17. Rxd1 Rd8 18. Rxd8+ Qxd8 19. g4 $5 $14)
16. g3 Bf8 $6 {Starting very strange plan:for some reason black transfers a
bishop to f6 via g7!} (16... Be7 $5) 17. a3 Bg7 18. Bxb7 Qxb7 19. Rd3 f5 20.
Rfd1 $14 Rxd3 ({Black faces serious problems also after} 20... Qc7 21. Ng5 $5
Rxd3 (21... h6 $4 22. Rxd8+ Rxd8 23. Rxd8+ Qxd8 24. Nxf7+ $18) (21... Bf6 22.
Qh5 Bxg5 23. Qxg5 Rxd3 24. Qf6+ Kg8 25. Rxd3 $16 {[%csl Rg8]}) 22. Rxd3 Rf8 23.
Qh5 h6 24. Nh3 $14 {[%cal Gh3f4,Gh2h3,Gg3g4]}) 21. Rxd3 Bf6 {[%csl Rg5]} 22.
Qd1 (22. Qd2 $5) 22... Rc8 $6 23. Ne1 $6 {Missing simple winning continuation}
(23. Rd7 $1 Rc7 24. Qd6 $1 $18) 23... b5 $6 (23... Qc7 $5) 24. Ng2 $6 {Once
againg not paying attention to this possibility.} (24. Rd7 $1 $16) 24... Qb6 {
Finally moving the queen.} 25. Nf4 Rd8 26. Nh5 $16 {Knight finished his trip
to h5 and black looks helpless against numerous threats.} Be7 (26... Rxd3 27.
Qxd3 Qd8 (27... Be7 $6 28. Qd7 Qd8 29. Qxb5 Bxa3 30. bxa3 Qd1+ 31. Kg2 Qxh5 32.
Qb8+ $18) 28. Qe2 (28. Qxb5 $2 Qd1+ 29. Kg2 Qxh5 $19) 28... a6 29. Nxf6 Qxf6
30. a4 $1 $16) 27. Qd2 $1 {[%csl Rg7][%cal Gd2h6] Setting little trap.} Rxd3 $2
(27... e5 28. Rd7 $1 Rxd7 (28... a5 29. Rxe7 $1 $18 {[%csl Rh8]}) 29. Qxd7 Qd8
30. Qxf5 $18) 28. Qh6 $1 1-0

[Event "Mitropa Cup 19th"]
[Site "Baden"]
[Date "1999.04.05"]
[Round "5"]
[White "Palac, Mladen"]
[Black "Neubauer, Martin"]
[Result "1-0"]
[WhiteElo "2589"]
[BlackElo "2304"]
[Annotator "Finkel,A"]
[PlyCount "57"]
[EventDate "1999.04.01"]
[EventType "team-tourn"]
[EventRounds "9"]
[EventCountry "SUI"]
[SourceTitle "CBM 071"]
[Source "ChessBase"]
[SourceDate "1999.08.01"]
[SourceVersion "1"]
[SourceVersionDate "1999.08.01"]
[SourceQuality "1"]

1. e4 e6 2. d4 d5 3. Nd2 dxe4 4. Nxe4 Nd7 5. g3 Ngf6 6. Nxf6+ Nxf6 7. Bg2 c5 8.
Nf3 cxd4 (8... Qb6 9. O-O Bd7 10. c4 cxd4 11. Nxd4 Rd8 12. Nf3 (12. Be3 Bc5 13.
b4 $5 Qxb4 14. Rb1 Qxc4 15. Rc1 Qb4 16. Rxc5 Qxc5 17. Nxe6 Bxe6 18. Bxc5 Rxd1
19. Rxd1 $44 {Cuijpers,F-Van der Weide,K/Den Bosch op 1992}) 12... Bc6 13. Qe2
Be7 14. Be3 Qc7 15. Bf4 Qc8 16. Rfd1 O-O 17. a3 Ba4 18. Rdc1 b6 19. b4 $14 {
Schula,M-Votruba,P/CZE-chT 1994}) (8... Qa5+ 9. c3 Be7 10. dxc5 Qxc5 11. Be3
Qa5 12. O-O O-O 13. Bd4 Rd8 14. Qc2 $14 {Wahls,M-Teske,H/Berliner Sommer 1995})
9. Qxd4 Qxd4 (9... Qa5+ 10. Bd2 Qa6 11. c4 Bd7 12. Ne5 Rd8 13. Qc3 Bd6 14. Nxd7
Rxd7 15. O-O $14 {Bologan,V-Vila,S/Oviedo rapid45 1992}) 10. Nxd4 Bc5 (10... a6
11. Bf4 Be7 12. O-O O-O 13. c4 Nd7 14. Rad1 g5 15. Bc7 Ra7 16. Ba5 Re8 17. Rd2
$14 {Waldmann,H-Fleischer,P/OLNO 1993}) 11. Nb3 Bd6 $6 {Dubious decision
permitting white to develop the initiative on the queenside.} (11... Bb6 12.
Ke2 $6 e5 13. Re1 O-O 14. Nd2 Ng4 15. Ne4 Be6 $132 {Hertneck,G-Luther,T/Bad
Lauterberg 1991}) 12. O-O Ke7 ({Also after} 12... O-O 13. Rd1 $5 (13. Na5 $6
Rb8 14. Be3 Bc7 15. Nb3 b6 $14) 13... Rd8 14. Bf4 Be7 15. Rxd8+ Bxd8 16. Rd1
Bb6 17. c4 $16 {white has extremly unpleasent pressure.}) 13. Na5 $1 {[%csl
Rb7][%cal Gc1e3]} Rb8 (13... Nd5 $6 14. c4 Bc7 15. Bd2 Bxa5 16. Bxa5 Nb6 17.
Bb4+ Kf6 18. b3 $16) 14. Be3 Bc7 $2 {There was no reason to give up a pawn.Of
course} (14... a6 $6 15. Nc4 Bc7 16. Bc5+ Ke8 17. Nd6+ Bxd6 18. Bxd6 Ra8 19.
Rad1 $16 {is not a solution,but}) (14... Nd7 $1 15. Rad1 Bc7 16. Nb3 a6 17. Rd2
Rd8 18. Rfd1 f6 $14 {would give black a chanse to keep fighting.}) 15. Bxa7 $16
Ra8 16. Bc5+ Bd6 17. Bxd6+ Kxd6 18. Rfd1+ Kc7 19. b4 Ra7 20. c4 Bd7 $6 (20...
b6 21. Nc6 Ra3 22. Ne5 Rf8 23. Rd2 Bb7 24. Rad1 $16) 21. c5 $18 {White is not
just a pawn up he is in full control over the situation.} Bc6 22. Nxc6 bxc6 23.
Rd6 Nd5 24. Bxd5 exd5 (24... cxd5 25. b5 Ra3 26. b6+ Kb8 27. c6 Rc8 28. Rc1 $18
) 25. Re1 Rxa2 26. Re7+ Kb8 27. Rxc6 Rd8 28. Rb6+ Ka8 29. Rd6 1-0

[Event "EU-ch 4th"]
[Site "Istanbul"]
[Date "2003.06.05"]
[Round "6"]
[White "Alekseev, Evgeny V"]
[Black "Spasov, Vasil"]
[Result "1-0"]
[WhiteElo "2607"]
[BlackElo "2555"]
[Annotator "Finkel,A"]
[PlyCount "83"]
[EventDate "2003.05.30"]
[EventType "swiss"]
[EventRounds "13"]
[EventCountry "TUR"]
[SourceTitle "CBM 096"]
[Source "ChessBase"]
[SourceDate "2003.09.25"]
[SourceVersion "1"]
[SourceVersionDate "2003.09.25"]
[SourceQuality "1"]

1. e4 e6 2. d4 d5 3. Nc3 dxe4 4. Nxe4 Nd7 5. Nf3 Ngf6 6. Bd3 Nxe4 7. Bxe4 Nf6
8. Bg5 $5 {It's not uncommon thing in the french defense that white gives up
his darksquared bishop for he black knight. In this particular position white
bishop on e4 is "key figure", so white doesn't need to think twice to give up
another one.} (8. Bd3) 8... Qd6 (8... Be7 9. Bd3 h6 10. Bh4 c5 11. dxc5 Qa5+
$10) 9. Bxf6 (9. Bd3 Qb4+ 10. Bd2 (10. Qd2 Qxd2+ (10... Qxb2 11. O-O Qb4 12. c3
Qd6 13. Bxf6 gxf6 14. Rab1 b6 15. Be4 Rb8 16. Rfe1 $36 {Miednikova,
S-Bystryakova,E/St Petersburg 2002}) 11. Nxd2 c5 12. O-O-O cxd4 13. Nf3 Bd7 14.
Nxd4 O-O-O {1/2-1/2 Lampe,D-Fette,M/Germany 2002/CBM 88 ext (14)}) 10... Qxb2
11. O-O Qa3 12. Ne5 Qd6 13. Be3 Be7 14. c4 c5 15. Bc2 O-O 16. Qd3 g6 $13 {
Kasparov,G-Anand,V/Kopavogur 2000}) 9... gxf6 10. O-O (10. Qe2 Bd7 (10... Bg7
11. O-O-O f5 12. Bd3 Bd7 13. Kb1 O-O-O 14. Bb5 Qb6 15. Bxd7+ Rxd7 $11 {Colovic,
A-Benkovic,P/Lazarevac 1999}) 11. O-O (11. Bxb7 $2 Qb4+ $19) 11... O-O-O 12.
Rad1 Bg7 13. Qe3 f5 14. Bd3 Bc6 $15) (10. Qd2 $5 f5 11. Bd3 Bd7 12. O-O-O O-O-O
13. Ne5 $16) (10. c3 Bd7 11. Nd2 Bc6 12. Qf3 Be7 13. Nc4 Qd7 14. Bxc6 Qxc6 15.
Qxc6+ bxc6 16. b4 $14 {Kharlov,A-Zakharevich,I/Novgorod 1999}) 10... Bd7 $5 {
Slightly damaged pawn structure shouldn't bother black, so he may consider
castling both kingside and queenside.} (10... f5 11. Bd3 Bg7 12. Qe2 O-O 13.
Rad1 c5 14. c3 b6 15. Ba6 Bxa6 16. Qxa6 Rfd8 $11 {Anand,V-Speelman,J/Linares
1991}) 11. c4 O-O-O {Black shows no fear.} (11... c5 12. Qb3 Qc7 (12... cxd4
13. Qxb7 Rc8 14. Qxa7 Rxc4 15. b3 Rb4 16. a3 Rxb3 17. Nxd4 Qb8 18. Qa5 $16) 13.
dxc5 Bxc5 14. Qc3 Be7 $13) 12. Qb3 Qb4 ({Nothing changes} 12... Qb6 13. Qc3 Qb4
(13... Bb4 $2 14. c5 Qb5 15. Qc2 $18) 14. Qc2 {transferring to the position
which occured in the game}) 13. Qc2 f5 14. Bd3 Bc6 (14... c5 15. a3 Qb6 16.
dxc5 (16. b4 $2 cxd4 17. c5 Qc7 18. Nxd4 Bg7 $17 {[%cal Gg7a1]}) 16... Qxc5 17.
b4 Qc7 18. c5 Bc6 $132) 15. d5 $1 {White has no other choice.} exd5 16. Ne5 Be8
17. Bxf5+ Kb8 18. Rad1 Bg7 19. Rfe1 Bxe5 {This move is good enough to keep the
balance, but deserved some attention} (19... c6 $5 {[%cal Gb4b6,Gd5c4]}) 20.
Rxe5 Ba4 21. b3 Bc6 22. cxd5 Rxd5 23. Rexd5 Bxd5 24. Qd2 Qxd2 25. Rxd2 c6 {
It's hard to believe that black will lose this endgame in just 15 moves, but
that's exactly what happened in the game!} (25... Re8 26. f3 $16) 26. Re2 a5
27. f3 Kc7 $2 {Waste of time. After correct} (27... h6 28. Kf2 Rd8 29. Re7 c5
30. h4 b5 31. g4 c4 $132 {black is out of danger.}) 28. Re7+ Kb6 {[%csl Rb6]}
29. Be4 Be6 (29... Bxe4 30. fxe4 f6 31. Kf2 $16) 30. f4 $16 a4 31. bxa4 Ra8 32.
Bc2 Bxa2 33. Kf2 h6 34. g4 Bd5 35. h4 Kc5 36. Rxb7 Kd4 37. h5 c5 (37... f6 38.
Rh7 Be4 39. Bxe4 Kxe4 40. Kg3 Rxa4 41. Rxh6 $18) 38. Rd7 Rb8 39. Bd1 Rb2+ 40.
Kg3 Kc4 (40... Rg2+ 41. Kh3 Rf2 42. g5 hxg5 43. fxg5 Ke5 44. h6 $18) 41. Bf3
Be6 42. Rd6 1-0

[Event "FRA-chT poule haute"]
[Site "France"]
[Date "2003.05.10"]
[Round "11.3"]
[White "Conquest, Stuart"]
[Black "Vaisser, Anatoli"]
[Result "1/2-1/2"]
[WhiteElo "2539"]
[BlackElo "2563"]
[Annotator "Finkel,A"]
[PlyCount "71"]
[EventDate "2003.05.07"]
[EventType "team"]
[EventRounds "4"]
[EventCountry "FRA"]
[SourceTitle "CBM 095"]
[Source "ChessBase"]
[SourceDate "2003.07.25"]
[SourceVersion "1"]
[SourceVersionDate "2003.07.25"]
[SourceQuality "1"]
[WhiteTeam "Clichy"]
[BlackTeam "Nice"]
[WhiteTeamCountry "FRA"]
[BlackTeamCountry "FRA"]

1. e4 e6 2. d4 d5 3. Nd2 dxe4 4. Nxe4 Nd7 5. Nf3 Ngf6 6. Bd3 c5 7. Bg5 Qa5+ $5
{Interesting move forcing white to give up his bishop to fight for the
advantage.} (7... cxd4 8. Nxd4 Be7 9. Qe2 Nxe4 10. Bxe7 Qa5+ 11. Kf1 Nec5 12.
Bd6 a6 13. Qg4 g6 14. b4 Qxb4 15. Qh4 {1-0 Rocha,S-Supatashvili,K/Parnaiba 1995
}) (7... Qb6 $6 8. dxc5 Qxb2 9. Bxf6 gxf6 10. Rb1 Qxa2 11. Bb5 {[%cal Ge4f6,
Ge4d6]} Qa5+ 12. c3 Bxc5 13. Nxf6+ Ke7 14. Nxd7 $18 {Bensch,P-Heyne,M/Bayern
1998}) 8. c3 {Nothing promised} (8. Bd2 Qb6 9. dxc5 {and black may choose a
way for equality} Nxc5 (9... Bxc5 10. Nxc5 Nxc5 11. Bc3 Bd7 (11... Nxd3+ $6 12.
Qxd3 Bd7 13. Nd2 Qc6 14. O-O $36) 12. Be2 Rd8 13. O-O Bb5 $11) (9... Qxb2 10.
Nd6+ Bxd6 11. cxd6 Qa3 12. Bf4 Nd5 13. Bg3 $13) 10. Nxf6+ gxf6 11. Bc3 Be7 $132
) 8... cxd4 9. Bxf6 Nxf6 {I'm not sure black should trade the knights.
Deserved attention} (9... gxf6 $5 10. Nxd4 f5 11. Qh5 $6 Qe5 12. Nf3 Qg7 $13 {
with very good counterchances.}) 10. Nxf6+ gxf6 11. Nxd4 Qe5+ $6 ({More
accurate was} 11... Bd7 12. O-O O-O-O {and black queen may come to g5 after b4.
}) 12. Be2 (12. Qe2 Qxe2+ 13. Bxe2 Bd7 14. Bf3 O-O-O $11) 12... Bc5 13. O-O Bd7
(13... O-O $5) 14. b4 Bb6 15. Re1 O-O-O $6 (15... Bxd4 $5 16. cxd4 Qd6 17. Bf3
O-O-O 18. Rc1+ Kb8 19. a3 $14) (15... Qg5 $6 16. a4 O-O-O 17. a5 Bc7 (17...
Bxd4 18. cxd4 Bc6 19. Bf3 Bxf3 20. Qxf3 Rhg8 21. g3 $14) 18. a6 b6 19. Bf3 e5
20. Qe2 $1 exd4 21. Qe4 {[%cal Ge4b7]} Bf5 22. Qb7+ Kd7 23. Rad1 d3 24. Bc6+
Kd6 25. Bb5 $18) 16. a4 $6 {Not taking his chance. After the correct} (16. Bh5
$1 Qf4 17. Bxf7 e5 18. Qf3 Qxf3 19. Nxf3 Bg4 20. Rad1 Rxd1 21. Rxd1 e4 22. h3
$16 {white has very good chances to collect the whole point.}) 16... Qd6 17.
Qc2 Bxd4 18. cxd4+ Kb8 19. Qc5 Bc6 $1 $132 {After this move black is doing
fine.} (19... Qxc5 20. dxc5 Bc6 21. b5 Bd5 22. a5 $14) 20. b5 Be4 21. Rac1 b6 (
{Not falling into a trap} 21... Qxd4 $4 22. Qc7+ Ka8 23. Red1 Qb6 24. Rxd8+
Rxd8 25. Qc8+ Rxc8 26. Rxc8#) 22. Qc3 Rhg8 23. g3 Rc8 24. Qe3 Bb7 {[%cal Gd6d5]
} 25. Bf3 {A pawn sacrifice aiming to get some initiative.} (25. a5 Qd5 (25...
bxa5 26. Ra1 f5 27. Rxa5 f4 28. Qe5 $14) 26. f3 Qg5 27. Qa3 Qd2 28. axb6 Qxd4+
29. Kf1 Qxb6 30. Qe7 $13) 25... Bxf3 26. Qxf3 Rxc1 27. Rxc1 Qxd4 28. Rd1 $44 (
28. Qc6 Qd8 29. Qf3 Rg5 $13) 28... Qg4 29. Qd3 {Black's king is too exposed to
leave black chances to play for a win.} (29. Rd8+ $6 Kc7 30. Qxg4 Rxg4 31. Rf8
Rxa4 32. Rxf7+ Kd6 $17) 29... Rc8 30. Qd6+ Kb7 31. a5 bxa5 32. Qa6+ Kb8 33. Rd7
Rc1+ 34. Kg2 Qe4+ 35. Kh3 Qf5+ 36. Kg2 1/2-1/2